000 00348nam 22001213 4500
001 32635
090 _a32635
100 _a20260326d u||y0pory50 ba
101 _apor
200 _aDeterminação da Altitude dos 850 mb a partir da Leitura Barométrica
_fServiço Meteorológico de Angola
606 _xMétodos de Observação
_923850
801 _gISBD
942 _n0